National industrial and distribution report (Record no. 109261)

MARC details
000 -LEADER
fixed length control field 01104cad a22002295a 4500
001 - CONTROL NUMBER
control field L146712
008 - FIXED-LENGTH DATA ELEMENTS--GENERAL INFORMATION
fixed length control field 090218s2009 xxkad f s 000 0 eng d
035 ## - SYSTEM CONTROL NUMBER
System control number (Sirsi) u146712
041 0# - LANGUAGE CODE
Language code of text/sound track or separate title eng
050 04 - LIBRARY OF CONGRESS CALL NUMBER
Classification number 333.32 $2 18
110 2# - MAIN ENTRY--CORPORATE NAME
Corporate name or jurisdiction name as entry element Lambert Smith Hampton
9 (RLIN) 2865
245 00 - TITLE STATEMENT
Title National industrial and distribution report
Remainder of title 2009
Medium [electronic resource]
260 ## - PUBLICATION, DISTRIBUTION, ETC.
Place of publication, distribution, etc. [S.l.]
Name of publisher, distributor, etc. Lambert Smith Hampton
Date of publication, distribution, etc. 2009
490 #0 - SERIES STATEMENT
Series statement Lambert Smith Hampton National Industrial and Distribution Report
Volume/sequential designation 2009
520 ## - SUMMARY, ETC.
Summary, etc. Reports that the industrial and distribution markets performed somewhat better than the office or retail markets during 2008, but predicts that the market will probably come under pressure in 2009. Forecasts take-up to fall by 20% in 2009, but suggests that rents will avoid 1990s lows.
590 ## - LOCAL NOTE (RLIN)
Local note KA NTK
650 24 - SUBJECT ADDED ENTRY--TOPICAL TERM
Topical term or geographic name entry element LAMBERT SMITH HAMPTON NATIONAL INDUSTRIAL AND DISTRIBUTION REPORT
651 #4 - SUBJECT ADDED ENTRY--GEOGRAPHIC NAME
Geographic name United Kingdom
Chronological subdivision
690 ## - LOCAL SUBJECT ADDED ENTRY--TOPICAL TERM (OCLC, RLIN)
Topical term or geographic name as entry element PROPERTY-COMMERCIAL PROPERTY-COMMERCIAL PROPERTY MARKET
856 40 - ELECTRONIC LOCATION AND ACCESS
Uniform Resource Identifier <a href="https://www.lsh.co.uk/">https://www.lsh.co.uk/</a>
Public note View the item free of charge at www.lsh.co.uk...
942 ## - ADDED ENTRY ELEMENTS (KOHA)
Suppress in OPAC 0
Holdings
Withdrawn status Lost status Source of classification or shelving scheme Damaged status Not for loan Home library Current library Shelving location Date acquired Total Checkouts Full call number Barcode Date last seen Copy number Price effective from Koha item type
    Dewey Decimal Classification     Virtual Virtual Online 18/02/2009   ONLINE PUBLICATION 146712-2001 06/08/2019 1 06/08/2019 Book